Effectif Angleterre Euro 2024 - Statistiques

Statistiques générales
  • Ce quiz a été pris 487 fois
  • Le résultat moyen est 20 sur 27
Statistiques - réponses
POSTE CLUB NUMER JOUEUR % Correct
DEF Manchester City 2 Kyle Walker
96%
ATT Bayern Munich 9 Harry Kane
95%
MIL Real Madrid 10 Jude Bellingham
95%
DEF Manchester City 5 John Stones
94%
G Everton 1 Jordan Pickford
93%
ATT Arsenal 7 Bukayo Saka
91%
ATT Manchester City 11 Phil Foden
91%
MIL Arsenal 4 Declan Rice
87%
DEF Liverpool 8 Trent Alexander-Arnold
86%
ATT Chelsea 24 Cole Palmer
84%
G Arsenal 13 Aaron Ramsdale
82%
ATT Aston Villa 19 Ollie Watkins
75%
DEF Manchester United 3 Luke Shaw
74%
ATT Crystal Palace 21 Eberechi Eze
69%
COACH - - Gareth Southgate
69%
DEF Newcastle 12 Kierran Trippier
67%
MIL Manchester United 26 Kobbie Mainoo
66%
DEF Crystal Palace 6 Marc Guéhi
64%
ATT Newcastle 18 Anthony Gordon
63%
ATT Brentford 17 Ivan Toney
63%
DEF Liverpool 22 Joe Gomez
63%
MIL Chelsea 16 Conor Gallagher
62%
ATT West Ham United 20 Jarrod Bowen
60%
G Crystal Palace 23 Dean Henderson
53%
DEF Aston Villa 14 Ezri Konsa
47%
DEF Brighton 15 Lewis Dunk
45%
MIL Crystal Palace 25 Adam Wharton
28%
Aucun quiz correspondant
Distribution des résultats
% des personnes avec chaque résultat
Percentile par nombre de réponses
Votre historique - résultats
Vous n’avez pas pris ce quiz